| 000 | 00468nam a2200181Ia 4500 | ||
|---|---|---|---|
| 008 | 221030s9999 xx 000 0 und d | ||
| 020 | _a8129709783 | ||
| 041 | _aEnglish | ||
| 082 | _a105.23 | ||
| 100 | _aC. H. Edwards | ||
| 245 | 0 | _aDifferential Equations & Boundary Value Problems - Computing & Modeling | |
| 250 | _a4th | ||
| 260 |
_bPearson Edcuation _aNew Delhi _c2005 |
||
| 300 | _a801 | ||
| 650 | _aBE Mathematics | ||
| 700 | _aD. E. Penney | ||
| 942 | _cBK | ||
| 999 |
_c5834 _d5834 |
||